[Event "Berlin Lichtenberger op 14th"]
[Site "Berlin"]
[Date "2015.08.21"]
[Round "7"]
[White "Glasser, Timon"]
[Black "Osipenko, Pavel"]
[Result "0-1"]
[WhiteElo "1720"]
[BlackElo "2042"]
[PlyCount "70"]
[EventDate "2015.08.15"]
[EventType "swiss"]
[EventRounds "9"]
[EventCountry "GER"]
[SourceTitle "EXT 2016"]
[Source "ChessBase"]
[SourceDate "2015.10.08"]
[SourceVersion "1"]
[SourceVersionDate "2015.10.08"]
[SourceQuality "1"]

1. Nf3 Nf6 2. c4 g6 3. d4 Bg7 4. e3 d6 5. Nc3 0-0 6. Be2 Nc6 7. 0-0 e5 8. d5 Ne7 9. e4 a5 10. h3 Nd7 11. a3 Nc5 12. Qc2 f5 13. Nd2 f4 14. Ra2 a4 15. b4 axb3 16. Nxb3 Nd7 17. Nb5 b6 18. Bd2 Nf6 19. a4 g5 20. a5 Ng6 21. f3 h5 22. Kf2 g4 23. hxg4 hxg4 24. Rg1 Nxe4+ 25. fxe4 Qh4+ 26. Kf1 f3 27. Bxf3 gxf3 28. Be3 fxg2+ 29. Ke2 Nf4+ 30. Kd1 Bg4+ 31. Kd2 Bf3 32. Nxc7 Nh3 33. Nxa8 Bxe4 34. Qc3 Nxg1 35. Bxg1 Bh6+ 0-1

[Event "Berlin Lichtenberger op 14th"]
[Site "Berlin"]
[Date "2015.08.19"]
[Round "5"]
[White "Brasoy, Aksel"]
[Black "Glasser, Timon"]
[Result "0-1"]
[WhiteElo "1959"]
[BlackElo "1720"]
[PlyCount "82"]
[EventDate "2015.08.15"]
[EventType "swiss"]
[EventRounds "9"]
[EventCountry "GER"]
[SourceTitle "EXT 2016"]
[Source "ChessBase"]
[SourceDate "2015.10.08"]
[SourceVersion "1"]
[SourceVersionDate "2015.10.08"]
[SourceQuality "1"]

1. d4 d6 2. e4 e5 3. dxe5 dxe5 4. Qxd8+ Kxd8 5. Nf3 Bd6 6. Bc4 Be6 7. Bxe6 fxe6 8. Nc3 Nf6 9. Bg5 Ke7 10. h3 Nc6 11. 0-0-0 a6 12. Rhe1 b5 13. Kb1 h6 14. Bc1 g5 15. Nh2 Raf8 16. f3 Nh5 17. Be3 Nf4 18. Rd2 h5 19. a3 Na5 20. Nd1 Nc4 21. Rf2 Nxe3 22. Nxe3 Bc5 23. Rd2 Rd8 24. Rxd8 Rxd8 25. Nhf1 Bxe3 26. Nxe3 Rd2 27. h4 gxh4 28. b3 Kf6 29. Kb2 Nxg2 30. Nxg2 Rxg2 31. Rh1 Kg5 32. Kc3 c5 33. Kd3 Rf2 34. Rh3 Rg2 35. Rh1 Rg3 36. Ke3 h3 37. c4 bxc4 38. bxc4 Kh4 39. a4 Rg2 40. a5 Kg3 41. Rf1 h2 0-1

[Event "Berlin Lichtenberger op 14th"]
[Site "Berlin"]
[Date "2015.08.15"]
[Round "1"]
[White "Jahnz, Fabian"]
[Black "Glasser, Timon"]
[Result "1-0"]
[WhiteElo "2224"]
[BlackElo "1720"]
[PlyCount "59"]
[EventDate "2015.08.15"]
[EventType "swiss"]
[EventRounds "9"]
[EventCountry "GER"]
[SourceTitle "EXT 2016"]
[Source "ChessBase"]
[SourceDate "2015.10.08"]
[SourceVersion "1"]
[SourceVersionDate "2015.10.08"]
[SourceQuality "1"]

1. e4 d6 2. d4 Nf6 3. Nc3 e5 4. dxe5 dxe5 5. Qxd8+ Kxd8 6. Bg5 c6 7. 0-0-0+ Kc7 8. f4 Bd6 9. Rxd6 Kxd6 10. fxe5+ Kxe5 11. Nf3+ Ke6 12. Bc4+ Kd7 13. Ne5+ Ke7 14. Nxf7 Rf8 15. e5 Be6 16. Nd6 b5 17. Bb3 Nbd7 18. exf6+ Kxd6 19. Bf4+ Ne5 20. Ne4+ Kd7 21. Nc5+ Kd6 22. Nxe6 Rxf6 23. Rd1+ Ke7 24. Bxe5 Rxe6 25. Bxe6 Kxe6 26. Bg3 c5 27. Rd6+ Ke7 28. Rc6 c4 29. a4 a6 30. a5 1-0